000 00774nam a22001817a 4500
003 UA-OsUOA
001 14790
007 ta
008 20031019b un ||||| |||| 00| 0 ukr d
100 _aГерус В.
942 _cSA
040 _aUA-OsUOA
_cUA-OsUOA
_dUA-OsUOA
245 _aЯкщо вже чогось і немає в Торговому домі "Дукат", то, будьте певні, його ще взагалі не існує
_b[Рівнен.представництво Торгового дому "Дукат" є лідером на регіон. ринку паперу та канцтоварів]
300 _aС.4
955 _a0
773 0 _w0
_tСім днів
_dРівне
_d2003
_g№38/19 верес./
650 7 _aДукат
_2UDC
999 _c300954
_d300954